| 000 | 00000nam##2200000za#4500 |
| 001 | 9.599480 |
| 003 | CaOODSP |
| 005 | 20240501092930 |
| 007 | cr ||||||||||| |
| 008 | 150406|1990||||xxc|||||o f|0| 0 fre|d |
| 040 | |aCaOODSP|bfre |
| 043 | |an-cn--- |
| 086 | 1 |aPS83-3/9F-PDF |
| 110 | 2 |aService correctionnel Canada. |
| 245 | 10|aMise au point et validation d'une formule de présélection pour l'évaluation psychologique / |h[ressource électronique]|crédigé par Ralph C. Serin. |
| 260 | |bService correctionnel Canada |cMai 1990. |
| 300 | |a21p.|bgraphiques, références, tableaux |
| 490 | 1 |aRapport de recherche|vR-09 |
| 590 | |a10-09-Supp|b2010-11-02 |
| 710 | 2 |aÉtablissement de Joyceville. |
| 720 | 1 |aSerin, Ralph C. |
| 775 | 08|tDevelopment and validation of a psychological referral screening tool / |w(CaOODSP)9.568187 |
| 830 | #0|aRapport de recherche (Service correctionnel Canada. Direction de la recherche)|vR-09|w(CaOODSP)9.502465 |
| 856 | 40|ahttp://publications.gc.ca|qPDF|s70 Ko|uhttps://publications.gc.ca/collections/collection_2010/scc-csc/PS83-3-9-fra.pdf|yR-09 |